Bibliotheca juris canonico-civilis practica... (Record no. 8764)

MARC details
000 -CABECERA
campo de control de longitud fija 00835nam a2200205 a 4500
001 - NÚMERO DE CONTROL
campo de control BRCA_9116
005 - FECHA Y HORA DE LA ÚLTIMA TRANSACCIÓN
campo de control 20190320210527.0
008 - DATOS DE LONGITUD FIJA--INFORMACIÓN GENERAL
campo de control de longitud fija 051017s1747----sp-#######---#000-0#lat-#
041 ## - CÓDIGO DE LENGUA
Código de lengua del texto/banda sonora o título independiente lat
084 ## - OTRO NÚMERO DE CLASIFICACIÓN
Número de clasificación CO4
Número de documento/Ítem .B44 1747
100 1# - ENTRADA PRINCIPAL--NOMBRE DE PERSONA
Nombre de persona Begnudellii Bassi, Francisci Antonii
9 (RLIN) 22495
245 10 - MENCIÓN DE TÍTULO
Título Bibliotheca juris canonico-civilis practica...
Mención de responsabilidad, etc. concinnatum labore ac operá Francisci Antonii Begnudellii Bassi...; tomus primus.
260 ## - PUBLICACIÓN, DISTRIBUCIÓN, ETC.
Lugar de publicación, distribución, etc. Coloniae llobrogum
Nombre del editor, distribuidor, etc. Sumptibus Freatum de tournes
Fecha de publicación, distribución, etc. 1747
300 ## - DESCRIPCIÓN FÍSICA
Extensión 566 P. (t.1)
Dimensiones 37 x 23 cm
500 ## - NOTA GENERAL
Nota general En portada: Editio novissima auctior et emendatior
500 ## - NOTA GENERAL
Nota general Estado físico: presenta encuadernación en pergamino con cintas y presencia del pez de plata
650 14 - PUNTO DE ACCESO ADICIONAL DE MATERIA--TÉRMINO DE MATERIA
Término de materia o nombre geográfico como elemento de entrada Derecho canónico
Subdivisión de forma Diccionarios
Subdivisión general Latín
Subdivisión cronológica Obras anteriores a 1800
9 (RLIN) 22496
902 ## - CATALOGADOR
Iniciales CFM
942 ## - ELEMENTOS DE PUNTO DE ACCESO ADICIONAL (KOHA)
Fuente del sistema de clasificación o colocación Library of Congress Classification
Tipo de ítem Koha Libros
Holdings
Estado de retiro Estado de pérdida Estado dañado No para préstamo Localización permanente Ubicación/localización actual Fecha de adquisición Total de préstamos Signatura topográfica completa Código de barras Fecha visto por última vez Precio válido a partir de Tipo de ítem Koha
El ejemplar forma parte de la colección y puede ser consultado según las políticas vigentes.       Biblioteca del Museo Franz Mayer (Rogerio Casas-Alatriste) Biblioteca del Museo Franz Mayer (Rogerio Casas-Alatriste) 05/10/2017   CO4 .B44 1747 CFM00473 22/03/2019 22/03/2019 Libros